000 00200nam a22000857a 4500
008 170302b xxu||||| |||| 00| 0 eng d
100 _92995
_aCBSE
245 _aHindi CCE IX
260 _aNew Delhi
_bCBSE
_c2011
999 _c6238
_d6238